000 00440cam a2200181 a 4500
020 _a031051830X
020 _a9780310230786
020 _a0310230780
020 _a9780310518303
040 _cDLC
082 0 0 _a220 CRO 1990 C153 Or.
245 0 2 _aA Complete literary guide to the Bible /
300 _a528 pages ;
_c25 cm
650 0 _aBible as literature
700 1 _aRyken, Leland
700 1 _aLongman, Tremper
942 _cAEDBB
999 _c19260
_d19260